|
|
|
|
| LEADER |
00000nab a2200000uu 4500 |
| 001 |
vtls011507203 |
| 003 |
SK-MaSNL |
| 005 |
20260303171527.0 |
| 008 |
211119|1973 xo |||||||||||||||||cze| |
| 015 |
|
|
|a SNBRB
|
| 035 |
|
|
|a (urnnbn)urn:nbn:sk:snk:ar-a0axd1
|
| 035 |
|
|
|a (uuid)3421edc2-0ba0-4f41-8d8e-57c0fa421e15
|
| 035 |
|
|
|a urn:nbn:sk:snk-abe07k
|
| 040 |
|
|
|a SNKBUCL
|b slo
|c SNKBUCL
|e AACR2
|
| 041 |
0 |
|
|a cze
|
| 044 |
|
|
|a xo
|c SK
|
| 100 |
1 |
|
|a Hvížďala, Karel,
|d 1941-
|4 ivr
|9 226388
|
| 245 |
1 |
0 |
|a Ludvík Souček
|c Karel Hvížďala, Ludvík Souček
|
| 600 |
1 |
7 |
|a Souček, Ludvík,
|d 1926-1978
|2 SNKMA
|9 117278
|
| 655 |
|
7 |
|a rozhovory
|2 SNKPH
|9 31831
|
| 700 |
1 |
|
|a Souček, Ludvík,
|d 1926-1978
|4 ive
|9 117278
|
| 773 |
0 |
|
|t Zlatý máj : kritická revue tvorby pro mládež
|g Roč. 17, č. 9 (1973), s. 611-615
|
| 958 |
|
|
|a OND
|
| 958 |
|
|
|a article20
|
| 999 |
|
|
|c 2081940
|d 2083870
|